000
00301nam a2200133Ia 4500
100
_a
Board of aprrenticeship
650
_a
General
942
_c
BK
654
_a
Apprenticeship facilities
245
_a
Apprenticeship facilities westorn rigion
260
_b
none
546
_a
ENGLISH
999
_c
29009
_d
29009